Historia 2 : América y Europa entre los siglos XV y XVIII /

Guardado en:
Autor Principal: Darraidou, Sebastián.
Formato: Libro
Idioma:Undetermined
Publicado: Buenos Aires : Mandioca, 2023.
Edición:1a ed.
Series:Llaves más
Materias:
Etiquetas: Agregar Etiqueta
Sin Etiquetas, Sea el primero en etiquetar este registro!
LEADER 02793nam a22002175a 4500
001 CEM.cems021171
008 240527s2023####ag############000#0#und#d
005 20240527172214.0
245 1 0 |a Historia 2 :  |b América y Europa entre los siglos XV y XVIII /  |c Sebastián Darraidou. 
250 |a 1a ed. 
260 |a Buenos Aires :  |b Mandioca,  |c 2023. 
300 |a 224 p. 
490 1 |a Llaves más 
505 0 |a Los pueblos originarios antes de la conquista -- Mayas, aztecas, incas -- Nómadas y sedentarios en el actual territorio argentino -- Europa en la Edad Media -- El sistema feudal -- La expansión agrícola -- El crecimiento de las ciudades -- Los burgueses -- La iglesia medieval -- La crisis del siglo XIV -- Los orígenes de la Edad Moderna -- Europa hacia el siglo XV -- Cambios en la economía y el comercio -- Reconstrucción del poder monárquico -- La sociedad moderna -- El crecimiento de las ciudades y la población -- El Renacimiento y el humanismo -- Ideas a fines de la Edad Media -- Nuevas técnicas en el arte -- La expansión ultramarina europea -- Causas -- Cambios científicos y técnicos -- La conquista del Caribe -- Los viajes de exploración de América -- Política en la Edad Moderna -- Cuestionamiento a la iglesia -- Reforma protestante -- España, potencia europea y mundial -- Absolutismo francés -- Fracaso del absolutismo inglés -- Absolutismo en Europa Central y Oriental -- El Barroco -- Economía y sociedad en la Europa Moderna -- Cambios siglo XVII y XVIII -- El mercantilismo -- Cambios en el consumo -- Revolución científica -- La conquista de América: proceso y consecuencias -- La conquista del actual territorio argentino -- La organización de las colonias: gobierno, economía, minería y diversificación productiva -- Colonias portuguesas -- Presencia holandesa -- Colonias francesas -- La sociedad colonial -- Iglesia colonial -- Ciudades coloniales -- Mestizaje y aculturación -- Influencia africana -- El arte en la época colonial -- El iluminismo: ciencia y progreso, política y sociedad, economía -- Movimiento enciclopedista -- El arte en el siglo de las luces -- La revolución industrial -- La burguesía -- Las transformaciones rurales y urbanas -- La revolución francesa -- La monarquía constitucional -- Hacia la República -- La reacción termidoriana -- El primer imperio francés -- Transformaciones en América en el siglo XVIII -- Reformas borbónicas -- Reformas portuguesas -- Reformas económicas -- Resistencia a las reformas -- Independencia de Estados Unidos 
020 |a 9789878062129 
100 1 |a Darraidou, Sebastián. 
653 |a Historia de América 
653 |a Historia Europea 
653 |a Historia medieval 
653 |a Historia moderna 
859 |a CEMS  |b BIB. CEMS - 11 de abril  |h 940.2  |i D252  |p 29946.24  |t Ej.1